Epidemiología básica (Registro nro. 13080)
[ vista simple ]
| 000 -CABECERA | |
|---|---|
| Longitud fija campo de control | 00920nam a2200253 b 4500 |
| 001 - NÚMERO DE CONTROL | |
| Número de control | bimo0000585104 |
| 003 - IDENTIFICADOR DELl NÚMERO DE CONTROL | |
| Identificador del número de control | OSt |
| 005 - FECHA Y HORA DE LA ÚLTIMA TRANSACCIÓN | |
| Fecha y hora de la última transacción | 20140820113245.0 |
| 008 - CÓDIGOS DE INFORMACIÓN DE LONGITUD FIJA | |
| Códigos de información de longitud fija | 970224s2008 ag | ||| ||spa |
| 020 ## - NÚMERO INTERNACIONAL NORMALIZADO PARA LIBROS | |
| Número Internacional Normalizado para Libros (ISBN) | 978-92-41-547079 |
| 040 ## - FUENTE DE LA CATALOGACIÓN | |
| Centro transcriptor | BMC |
| 082 ## - NÚMERO DE LA CLASIFICACIÓN DECIMAL DEWEY | |
| Númeroo de clasificación | 614.4 |
| 100 1# - PUNTO DE ACCESO PRINCIPAL-NOMBRE DE PERSONA | |
| 9 (RLIN) | 23806 |
| Nombre de persona | Bonita, Ruth |
| 245 10 - MENCIÓN DE TÍTULO | |
| Título | Epidemiología básica |
| Mención de responsabilidad, etc. | Ruth Bonita, Robert Beaglehole, Tord Kjellström ; traducción de José A. Tapia Granados ; con la colaboración de María Claudia Filgueira y Nora Giambiagi |
| 250 ## - MENCIÓN DE EDICIÓN | |
| Mención de edición | 2ª ed |
| 260 ## - PUBLICACIÓN, DISTRIBUCIÓN, ETC. (PIE DE IMPRENTA) | |
| Lugar de publicación, distribución, etc. | Washington |
| Nombre del editor, distribuidor, etc. | Organización Panamericana de la Salud |
| Fecha de publicación, distribución, etc. | cop. 2008 |
| 300 ## - DESCRIPCIÓN FÍSICA | |
| Extensión | XVIII, 269 p. |
| Dimensiones | 25 cm |
| 490 ## - MENCIÓN DE SERIE | |
| Mención de serie | Publicación científica y técnica / Organización Panamericana de la Salud |
| Designación de volumen o secuencia | 629 |
| 594 ## - NOTA AL TÍTULO Y MENCIÓN DE RESPONSABIBLIDAD | |
| Nota Al Título Y Mención De Responsabilidad | Traducción de: Basic epidemiology |
| 650 24 - PUNTO DE ACCESO ADICIONAL DE MATERIA - TÉRMINO DE MATERIA | |
| Término de materia o nombre geográfico como elemento inicial | Epidemiología |
| 9 (RLIN) | 4158 |
| 700 1# - PUNTO DE ACCESO ADICIONAL - NOMBRE DE PERSONA | |
| 9 (RLIN) | 23805 |
| Nombre de persona | Beaglehole, Robert |
| 700 1# - PUNTO DE ACCESO ADICIONAL - NOMBRE DE PERSONA | |
| 9 (RLIN) | 23807 |
| Nombre de persona | Kjellström, Tord |
| 942 ## - ENTRADA DE ELEMENTOS AGREGADOS (KOHA) | |
| Fuente de clasificaión o esquema | Dewey Decimal Classification |
| Koha [por defecto] tipo de item | 1- Monografias |
| Suprimido | Perdido | Fuente de clasificación o esquema | Estropeado | Restricciones de uso | No para préstamo | Código de colección | Localización permanente | Localización actual | Localización en estanter&íacute;as | Fecha adquisición | Fuente de adquisición | Número de inventario | Préstamos totales | Renovaciones totales | Signatura completa | Código de barras | Fecha última consulta | Fecha último préstamo | Coste, precio reemplazado | Fecha del precio de reemplazo | Tipo de item de Koha |
|---|---|---|---|---|---|---|---|---|---|---|---|---|---|---|---|---|---|---|---|---|---|
| NULL | NULL | Dewey Decimal Classification | NULL | Prestable | NULL | NULL | Biblioteca Centro Regional de Ilobasco | Biblioteca Centro Regional de Ilobasco | Sala Principal | 11/06/2015 | UNICAES | LI000428 | 4 | 614.4 BON epi | 1031754 | 17/07/2025 | 17/07/2025 | 22.00 | 11/06/2015 | 1- Monografias | |
| NULL | NULL | Dewey Decimal Classification | NULL | Prestable | NULL | NULL | Biblioteca Centro Regional de Ilobasco | Biblioteca Centro Regional de Ilobasco | Sala Principal | 11/06/2015 | UNICAES | LI000429 | 2 | 614.4 BON epi | 1031755 | 23/02/2023 | 23/02/2023 | 22.00 | 11/06/2015 | 1- Monografias | |
| NULL | NULL | Dewey Decimal Classification | NULL | Prestable | NULL | NULL | Biblioteca Centro Regional de Ilobasco | Biblioteca Centro Regional de Ilobasco | Sala Principal | 11/06/2015 | UNICAES | LI001970 | 2 | 1 | 614.4 BON epi | 1038544 | 19/09/2019 | 28/06/2019 | 03/10/2016 | 1- Monografias | |
| NULL | NULL | Dewey Decimal Classification | NULL | Prestable | NULL | NULL | Biblioteca Miguel de Cervantes - UNICAES | Biblioteca Miguel de Cervantes - UNICAES | Sala Principal | 08/04/2011 | Donación - Facultad de Ciencias y Humanidades | 020639 | 21 | 1 | 614.4 BON epi | 1020996 | 27/04/2024 | 22/04/2024 | 22.00 | 19/08/2014 | 1- Monografias |